Words that appear in One Official Country Name only - Statistics

General Stats
  • This quiz has been taken 93 times
  • The average score is 6 of 10
Answer Stats
WORD OFFICIAL COUNTRY NAME % Correct
Central Central African Republic
87%
Federated Federated States of Micronesia
82%
Plurinational Plurinational State of Bolivia
78%
Bolivarian Bolivarian Republic of Venezuela
75%
Hashemite Hashemite Kingdom of Jordan
62%
Confederation Swiss Confederation
47%
Federative Federative Republic of Brazil
42%
Oriental Oriental Republic of Uruguay
42%
Peace Nation of Brunei, Abode of Peace
37%
Co-operative Co-operative Republic of Guyana
32%
No matching quizzes found
Score Distribution
Percent of People with Each Score
Percentile by Number Answered
Your Score History
You have not taken this quiz